| 000 | 00632nam a2200205Ia 4500 | ||
|---|---|---|---|
| 005 | 20250508152246.0 | ||
| 008 | 008 250505s9999 xx 000 0 eng d | ||
| 037 | _aTextual | ||
| 040 |
_aFEDL _beng _cFEDL |
||
| 041 |
_aeng _2eng |
||
| 084 |
_a150.195, ADL _qFEDL |
||
| 100 |
_aAdler Alferd _9761091 |
||
| 245 | 0 | _aIndividual psychology of Alfred Adler: A systematic presentation in selections from his writings | |
| 260 |
_aLondon, UK _bGeorge Allen and Unwin Ltd. _c1956 |
||
| 300 | _axxiii,503p | ||
| 365 |
_aINR _b25 |
||
| 650 | _aPsychology | ||
| 942 |
_cTEXL _h150.195, ADL |
||
| 999 |
_c1335346 _d1335346 |
||